000 00640nam a2200217 a 4500
001 16189
003 CO-ViMGA
008 141112s2004 ck r 000 u spa d
020 _a8433905473
040 _aCO-ViMGA
_bspa
_cCO-ViMGA
082 0 4 _a070.19 B687s
100 1 _aBourdieu, Pierre
_923142
245 1 0 _aSobre la televisión
260 _aBarcelona (España) :
_bAnagrama,
_c2000
300 _a138.p.
590 _aForma de adquisición : Premio - Mincultura
650 1 4 _aMEDIOS DE COMUNICACIÓN DE MASAS
_920553
650 1 4 _aPERIODISMO - INFLUENCIA
_923143
650 1 4 _aTELEVISION - InvestigaciónES
_923144
942 _2ddc
_cBK
999 _c26108
_d26108